<?xml version="1.0" encoding="UTF-8"?>
<record
    xmlns:xsi="http://www.w3.org/2001/XMLSchema-instance"
    xsi:schemaLocation="http://www.loc.gov/MARC21/slim http://www.loc.gov/standards/marcxml/schema/MARC21slim.xsd"
    xmlns="http://www.loc.gov/MARC21/slim">

  <leader>02129nam a22003377a 4500</leader>
  <controlfield tag="003">OSt</controlfield>
  <controlfield tag="005">20260513091535.0</controlfield>
  <controlfield tag="008">260513b        |||||||| |||| 00| 0 aze d</controlfield>
  <datafield tag="020" ind1=" " ind2=" ">
    <subfield code="a">9789952435446</subfield>
  </datafield>
  <datafield tag="040" ind1=" " ind2=" ">
    <subfield code="a">AZ-XaKU</subfield>
    <subfield code="b">aze</subfield>
    <subfield code="c">AZ-XaKU</subfield>
  </datafield>
  <datafield tag="050" ind1="1" ind2="4">
    <subfield code="a">ML423 .&#x130;M18 .SC&#x130;279 2021</subfield>
  </datafield>
  <datafield tag="100" ind1="1" ind2=" ">
    <subfield code="a">&#x130;manova, &#xDC;lviyy&#x259;,</subfield>
    <subfield code="c">dosent,</subfield>
    <subfield code="d">1971 - 2022,</subfield>
    <subfield code="e">m&#xFC;&#x259;llif.</subfield>
  </datafield>
  <datafield tag="245" ind1="1" ind2="0">
    <subfield code="a">Se&#xE7;ilmi&#x15F; &#x259;s&#x259;rl&#x259;r</subfield>
    <subfield code="c">/ &#xDC;lviyy&#x259; &#x130;manova</subfield>
  </datafield>
  <datafield tag="264" ind1=" " ind2=" ">
    <subfield code="a">Bak&#x131;:</subfield>
    <subfield code="b">M&#xFC;&#x259;llim,</subfield>
    <subfield code="c">2021.</subfield>
  </datafield>
  <datafield tag="300" ind1=" " ind2=" ">
    <subfield code="a">316 s&#x259;hif&#x259;;</subfield>
    <subfield code="b">&#x15F;&#x259;killi,</subfield>
    <subfield code="c">25 sm.</subfield>
  </datafield>
  <datafield tag="336" ind1=" " ind2=" ">
    <subfield code="a">text</subfield>
    <subfield code="b">txt</subfield>
    <subfield code="2">rdacontent</subfield>
  </datafield>
  <datafield tag="337" ind1=" " ind2=" ">
    <subfield code="a">unmediated</subfield>
    <subfield code="b">n</subfield>
    <subfield code="2">rdamedia</subfield>
  </datafield>
  <datafield tag="338" ind1=" " ind2=" ">
    <subfield code="a">volume </subfield>
    <subfield code="b">nc</subfield>
    <subfield code="2">rdacarrier</subfield>
  </datafield>
  <datafield tag="505" ind1="0" ind2=" ">
    <subfield code="a">Elmi m&#x259;qal&#x259;l&#x259;r v&#x259; tezisl&#x259;r -- Musiqi-t&#x259;nqidi fikir v&#x259; m&#xFC;lahiz&#x259;l&#x259;r, Bak&#x131; Musiqi Akademiyas&#x131; v&#x259; "Musiqi tarixi" kafedras&#x131;n&#x131;n musiqi s&#x259;hif&#x259;l&#x259;ri, m&#xFC;sahib&#x259;l&#x259;r -- S&#x259;n&#x259;tkarlar&#x131;n portretl&#x259;ri -- S&#x259;n&#x259;t dostlar, h&#x259;mkarlar&#x131; v&#x259; t&#x259;l&#x259;b&#x259;l&#x259;rinin t&#x259;brikl&#x259;ri.</subfield>
  </datafield>
  <datafield tag="520" ind1=" " ind2=" ">
    <subfield code="a">Kitab &#xDC;zeyir Hac&#x131;b&#x259;yli ad&#x131;na Bak&#x131; Musiqi Akademiyas&#x131;n&#x131;n professoru, Az&#x259;rbaycan Respublikas&#x131;n&#x131;n &#x259;m&#x259;kdar m&#xFC;&#x259;llimi, s&#x259;n&#x259;t&#x15F;&#xFC;nasl&#x131;q namiz&#x259;di &#xDC;lviyy&#x259; &#x130;smay&#x131;l q&#x131;z&#x131; &#x130;manovan&#x131;n 75 illik yubileyin&#x259; h&#x259;sr olunmu&#x15F;dur. T&#x259;dqiqat&#xE7;&#x131;-alimin elmi-publisistik yarad&#x131;c&#x131;l&#x131;&#x11F;&#x131;n&#x131; i&#x15F;&#x131;qland&#x131;ran bu kitabda onun t&#x259;r&#x259;find&#x259;n m&#xFC;xt&#x259;lif ill&#x259;rd&#x259; q&#x259;l&#x259;m&#x259; al&#x131;nm&#x131;&#x15F; v&#x259; Az&#x259;rbaycan&#x131;n apar&#x131;c&#x131; jurnal v&#x259; m&#x259;cmu&#x259;l&#x259;rind&#x259; &#xE7;ap olunmu&#x15F; elmi-publisistik yaz&#x131;lar&#x131;n &#x259;sas hiss&#x259;si &#xF6;z &#x259;ksini tapm&#x131;&#x15F;d&#x131;r. Musiqili-n&#x259;z&#x259;ri v&#x259; publisistik yaz&#x131;larla yana&#x15F;&#x131;, kitabda c&#x259;ml&#x259;&#x15F;&#x259;n elmi &#x259;s&#x259;rl&#x259;r Az&#x259;rbaycan musiqi&#xE7;il&#x259;rinin portretl&#x259;rini, el&#x259;c&#x259; d&#x259; musiqi h&#x259;yat&#x131;m&#x131;z&#x131;n m&#xFC;h&#xFC;m hadis&#x259;l&#x259;rini &#x259;ks etdirir. </subfield>
  </datafield>
  <datafield tag="521" ind1=" " ind2=" ">
    <subfield code="a">Kitab m&#xFC;t&#x259;x&#x259;ssisl&#x259;r v&#x259; geni&#x15F; oxucu k&#xFC;tl&#x259;si &#xFC;&#xE7;&#xFC;n n&#x259;z&#x259;rd&#x259; tutulmu&#x15F;dur.</subfield>
  </datafield>
  <datafield tag="600" ind1=" " ind2=" ">
    <subfield code="2">AZ-XaKU</subfield>
  </datafield>
  <datafield tag="650" ind1=" " ind2="7">
    <subfield code="a">&#x18F;d&#x259;biyyat&#x15F;&#xFC;nasl&#x131;q</subfield>
    <subfield code="2">AZ-XaKU</subfield>
  </datafield>
  <datafield tag="655" ind1=" " ind2=" ">
    <subfield code="a">M&#x259;qal&#x259;l&#x259;r toplusu</subfield>
  </datafield>
  <datafield tag="700" ind1="1" ind2=" ">
    <subfield code="a">&#x18F;l&#x259;sg&#x259;rli, K&#x259;mal&#x259;,</subfield>
    <subfield code="e">t&#x259;rtib&#xE7;i - redaktor.</subfield>
  </datafield>
  <datafield tag="700" ind1="1" ind2=" ">
    <subfield code="a">Abdullayeva, Zemfira,</subfield>
    <subfield code="e">r&#x259;y&#xE7;i.</subfield>
  </datafield>
  <datafield tag="700" ind1="1" ind2=" ">
    <subfield code="a">Qafarova, Zemfira,</subfield>
    <subfield code="e">r&#x259;y&#xE7;i.</subfield>
  </datafield>
  <datafield tag="700" ind1="1" ind2=" ">
    <subfield code="a">Quliyeva, N&#x259;rmin&#x259;,</subfield>
    <subfield code="e">elmi redaktor.</subfield>
  </datafield>
  <datafield tag="942" ind1=" " ind2=" ">
    <subfield code="c">BOOK</subfield>
  </datafield>
  <datafield tag="999" ind1=" " ind2=" ">
    <subfield code="c">435</subfield>
    <subfield code="d">435</subfield>
  </datafield>
  <datafield tag="952" ind1=" " ind2=" ">
    <subfield code="0">0</subfield>
    <subfield code="1">0</subfield>
    <subfield code="2">lcc</subfield>
    <subfield code="4">0</subfield>
    <subfield code="7">0</subfield>
    <subfield code="8">FA</subfield>
    <subfield code="a">KU</subfield>
    <subfield code="b">KUA</subfield>
    <subfield code="d">2026-05-13</subfield>
    <subfield code="l">0</subfield>
    <subfield code="o">ML423 .&#x130;M18 .SC&#x130;279 2021</subfield>
    <subfield code="p">0000001210</subfield>
    <subfield code="r">2026-05-13 09:16:12</subfield>
    <subfield code="t">1</subfield>
    <subfield code="w">2026-05-13</subfield>
    <subfield code="y">BOOK</subfield>
  </datafield>
  <datafield tag="952" ind1=" " ind2=" ">
    <subfield code="0">0</subfield>
    <subfield code="1">0</subfield>
    <subfield code="2">lcc</subfield>
    <subfield code="4">0</subfield>
    <subfield code="7">0</subfield>
    <subfield code="8">FA</subfield>
    <subfield code="a">KU</subfield>
    <subfield code="b">KUA</subfield>
    <subfield code="d">2026-05-13</subfield>
    <subfield code="l">0</subfield>
    <subfield code="o">ML423 .&#x130;M18 .SC&#x130;279 2021 c.2</subfield>
    <subfield code="p">0000001211</subfield>
    <subfield code="r">2026-05-13 09:16:00</subfield>
    <subfield code="t">2</subfield>
    <subfield code="w">2026-05-13</subfield>
    <subfield code="y">BOOK</subfield>
  </datafield>
  <datafield tag="952" ind1=" " ind2=" ">
    <subfield code="0">0</subfield>
    <subfield code="1">0</subfield>
    <subfield code="2">lcc</subfield>
    <subfield code="4">0</subfield>
    <subfield code="7">0</subfield>
    <subfield code="8">FA</subfield>
    <subfield code="a">KU</subfield>
    <subfield code="b">KUA</subfield>
    <subfield code="d">2026-05-13</subfield>
    <subfield code="l">0</subfield>
    <subfield code="o">ML423 .&#x130;M18 .SC&#x130;279 2021 c.3</subfield>
    <subfield code="p">0000001212</subfield>
    <subfield code="r">2026-05-13 09:16:00</subfield>
    <subfield code="t">3</subfield>
    <subfield code="w">2026-05-13</subfield>
    <subfield code="y">BOOK</subfield>
  </datafield>
</record>
